Statistics for U.S. TV Show Vocabulary Quiz

Click here to take the quiz!

General Stats

  • This quiz has been taken 22,045 times
    (13,562 since last reset)
  • The average score is 15 of 24

Answer Stats

DefinitionWord% Correct
CabTaxi
96%
Police officersCops
93%
BuddiesFriends
88%
Parts of the skeletal systemBones
85%
Surgical garbScrubs
82%
One who shoots arrowsArcher
80%
Undesired plantsWeeds
80%
Winged messenger from GodAngel
77%
Baby bedsCribs
76%
Baby kangarooJoey
76%
Brave people who perform
extraordinary deeds
Heroes
70%
Male version of a nunMonk
70%
Small hamburgersSliders
66%
L'chaim! Salud! Prost!Cheers
60%
Lightning bugFirefly
59%
Assumed nameAlias
57%
Under a spell; entrancedBewitched
50%
Series of rulers from one familyDynasty
45%
Under a spell; entrancedCharmed
41%
Flower of a fruit treeBlossom
39%
To rig an ad-hoc solution, especially
using duct tape (slang)
MacGyver
29%
Joy; merrimentGlee
27%
RetinueEntourage
23%
Money awarded in a civil lawsuitDamages
19%

Score Distribution

Percentile by Number Answered

Percent of People with Each Score

Your Score History

You have not taken this quiz since the last reset